| 000 | 01319cam a2200373 a 4500 | ||
|---|---|---|---|
| 001 | 15180911 | ||
| 003 | EG-ScBUE | ||
| 005 | 20220320101440.0 | ||
| 008 | 080214s2008 enk f 000 1 eng d | ||
| 020 | _a0099518260 | ||
| 020 | _a9780099518266 | ||
| 035 | _a(OCoLC)150351204 | ||
| 035 | _a(OCoLC)ocn150351204 | ||
| 040 |
_aDLC _beng _erda _cDLC _dYDX _dBTCTA _dYDXCP _dBAKER _dDLC _dEG-ScBUE |
||
| 041 | 1 |
_aeng _kfre _halb |
|
| 043 | _ae-aa--- | ||
| 082 | 0 | 4 |
_a891.9913 _222 _bKAD |
| 100 | 1 |
_aKadare, Ismail, _eauthor. _924190 |
|
| 240 | 1 | 0 |
_aGjenerali i ushterise se vdekur. _lEnglish |
| 245 | 1 | 4 |
_aThe general of the dead army / _cIsmail Kadare ; translated from the French version of the Albanian by Derek Coltman. |
| 264 | 1 |
_aLondon : _bVintage Books, _c2008. |
|
| 300 |
_a263 pages ; _c23 cm |
||
| 336 |
_2rdacontent _atext _btxt |
||
| 337 |
_2rdamedia _aunmediated _bn |
||
| 338 |
_2rdacarrier _avolume _bnc |
||
| 546 | _aTranslated from the French; originally written in Albanian | ||
| 650 | _2BUEsh | ||
| 651 | 7 |
_aAlbania _xHistory _vFiction. _2BUEsh _924191 |
|
| 653 |
_cMay2011 _bHHUUEENN |
||
| 655 |
_vReading book _934232 |
||
| 700 | 1 |
_aColtman, Derek, _etranslator. _924192 |
|
| 942 |
_2ddc _cBB |
||
| 999 |
_c15419 _d15419 |
||